| 000 | 00829nam a22002537a 4500 | ||
|---|---|---|---|
| 001 | 3668 | ||
| 003 | FISKH | ||
| 005 | 20240405092535.0 | ||
| 008 | 240405b cb ||||| |||| 00| 0 eng d | ||
| 040 |
_aFISK _beng _cFISK _dFISK |
||
| 050 | _aPZ7.S6795 | ||
| 082 | _a813.6 | ||
| 100 |
_aSnicket Lemony _d1970- |
||
| 245 |
_aThe penultimate peril / _cLemony Snicket |
||
| 260 |
_aLondon : _bEgmont Books Limited, _c2005 |
||
| 300 |
_a353 pages : _c21 cm |
||
| 490 |
_aA series of unfortunate events _vbook 12 |
||
| 505 | _aZ | ||
| 520 | _aLemony Snicket returns with the last book before the last book of his bestselling Series of Unfortunate Events. Scream and run away before the secrets of the series are revealed! | ||
| 521 | 8 |
_a1150 _bLexile |
|
| 700 | _aLemony Snicket | ||
| 942 |
_2ddc _cBK _n0 |
||
| 999 |
_c3668 _d3668 |
||